000 00313nam a22001337a 4500
008 171018b xxu||||| |||| 00| 0 eng d
020 _a9780195114706
041 _aeng
080 _a338
100 _a53
101 _aMEN
245 _aDERIVATIVES VALUATION AND RISK MANAGEMENT
_cDUBOFSKY,D.A
942 _2udc
_cBK
999 _c34632
_d34632